López de Legazpi : (Registro nro. 6915)
[ vista simple ]
| 000 -CABECERA | |
|---|---|
| campo de control de longitud fija | 00760cam a2200217 a 4500 |
| 001 - NÚMERO DE CONTROL | |
| campo de control | 000007134 |
| 005 - FECHA Y HORA DE LA ÚLTIMA TRANSACCIÓN | |
| campo de control | 20200929154057.0 |
| 008 - DATOS DE LONGITUD FIJA--INFORMACIÓN GENERAL | |
| campo de control de longitud fija | 750319s1971 sp ac 000 0 spa |
| 040 ## - FUENTE DE LA CATALOGACIÓN | |
| Centro catalogador/agencia de origen | DO-SdBNP |
| Lengua de catalogación | spa |
| Centro/agencia transcriptor | NIC |
| Centro/agencia modificador | BNPHU |
| 082 ## - NÚMERO DE LA CLASIFICACIÓN DECIMAL DEWEY | |
| Número de clasificación | 923.9 |
| Número de documento/Ítem | L864S |
| 049 ## - FONDOS LOCALES (OCLC) | |
| Fondos de biblioteca | BNGR |
| 100 1# - ENTRADA PRINCIPAL--NOMBRE DE PERSONA | |
| Nombre de persona | Sanz y Díaz, José, |
| Fechas asociadas al nombre | 1907-1988. |
| 9 (RLIN) | 19789 |
| 245 10 - MENCIÓN DE TÍTULO | |
| Título | López de Legazpi : |
| Resto del título | Fundador de Manila, 1571-1971 / |
| Mención de responsabilidad, etc. | José Sanz y Díaz. |
| 260 ## - PUBLICACIÓN, DISTRIBUCIÓN, ETC. | |
| Lugar de publicación, distribución, etc. | Madrid, (España) : |
| Nombre del editor, distribuidor, etc. | Publicaciones Españolas, |
| Fecha de publicación, distribución, etc. | 1971. |
| 300 ## - DESCRIPCIÓN FÍSICA | |
| Extensión | 79 p. : |
| Otras características físicas | il., retrs. ; |
| Dimensiones | 21 cm. |
| 490 1# - MENCIÓN DE SERIE | |
| Mención de serie | Temas españoles |
| Designación de volumen o secuencia | 519 |
| 600 14 - PUNTO DE ACCESO ADICIONAL DE MATERIA--NOMBRE DE PERSONA | |
| Nombre de persona | LEGAZPI, MIGUEL LÓPEZ DE, |
| Fechas asociadas al nombre | 1510?-1572. |
| 9 (RLIN) | 19790 |
| 651 #4 - PUNTO DE ACCESO ADICIONAL DE MATERIA--NOMBRE GEOGRÁFICO | |
| Nombre geográfico | Filipinas |
| Subdivisión general | Historia |
| Subdivisión cronológica | 1521-1812. |
| 9 (RLIN) | 19791 |
| 830 #0 - PUNTO DE ACCESO ADICIONAL DE SERIE-TÍTULO UNIFORME | |
| Título uniforme | Temas españoles ; |
| Designación de volumen o secuencia | 519 |
| 9 (RLIN) | 19792 |
| 910 ## - DATOS DE OPCIÓN DEL USUARIO (OCLC) | |
| Datos de opción del usuario | Catalogación por copia / LC |
| Estado de retiro | Estado de pérdida | Restricciones de uso | No para préstamo | Código de colección | Localización permanente | Ubicación/localización actual | Ubicación en estantería | Fecha de adquisición | Número de inventario | Total de préstamos | Signatura topográfica completa | Código de barras | Fecha visto por última vez | Precio válido a partir de | Tipo de ítem Koha |
|---|---|---|---|---|---|---|---|---|---|---|---|---|---|---|---|
| Préstamo interno | Monografías: Libros y Folletos | General | General | En catalogación | 04.09.2009 | LF1 | 923.9 L864S | 7134-10 | 25.06.2020 | 25.06.2020 | Préstamo interno |
